01623nam a22003735i 450000100060000000300090000600500170001500700030003200800410003502000180007604000220009408000210011608000250013708000220016208000070018410000310019124501890022225000120041126001030042330000210052649000810054750400280062860000690065660000620072560000590078765000260084670000390087270000270091171000500093883000890098885200330107799900170111095201220112710803ES-MaACL20250718062530.0t|941021s1994 sp ||||0| spa j a84-7658-432-6 aM-BN bspa cM-BN a1 Kant, Immanuel a1 Habermas, Jürgen a1 Apel, Karl-Otto a171 aWellmer, Albrecht.911645410aEtica y diálogo b: elementos del juicio moral en Kant y en la ética del discurso / cAlbrecht Wellmer ; prólogo de María Pía Lara ; traducción y glosario de Fabio Morales. a1ª ed. aBarcelona : bAnthropos ; aIztapalapa, México : bUniversidad Autónoma Metropolitana, c1994. a255 p ; c20 cm.1 aPensamiento crítico/pensamiento utópico ; v84. aFilosofía política aBibliografía. Indice.14aKant, Immanuel,d1724-1804-xCrítica e interpretación96749714aHabermas, Jürgen-xCrítica e interpretación.96137714aApel, Karl-Otto-xCrítica e interpretación.92208817aÉtica2embne9125771 aLara Zavala, María Pía.9702221 aMorales, Fabio.9829832 aUniversidad Autónoma Metropolitana.91699070 aPensamiento crítico/pensamiento utópico ; v84. aFilosofía política9178376 aES-MaACLjL-18083 bR.122604 c10803d10803 00104070aATENEOMbATENEOMcDEPO2d2008-01-17eSCl0oL-18083p1011021r2023-02-23 00:00:00w2023-02-23yMONOGRAFIA